000
00294nam a2200133Ia 4500
008
210210b1951 xxu||||| |||| 00| 0 eng d
041
_a
eng
082
_a
874/48
100
_a
NAIR (S K)
245
_a
Narmasallapam
260
_a
_b
-
_c
1951
690
_a
Malayalam Criticism
906
_a
002628
999
_c
124596
_d
124596